00652nmm a2200181Ia 4500008004100000020001800041041000800059100003000067245012200097264006900219300001800288650002900306700003000335700003000365856005100395942000700446999001700453251105s9999||||xx |||||||||||||||||und|| a9788416515356 aspa aPeiró Martín, Ignacio 0aPolíticas del pasado y narrativas de la nación :b Representaciones de la historia en la España contemporánea a[Madrid, España] :bPrensas Universitarias de Zaragoza, c2016 a448 páginas aHistory of Europe: Spain aPeiró Martín, Ignacio1 a Frías Corredor, Carmen uhttps://public.digitaliapublishing.com/a/59236 cCF c69867d69867